LEARNING PHYSIOLOGY THROUGH N STYLE MCQ'S (Record no. 890)

MARC details
000 -LEADER
fixed length control field 00306nam a2200121Ia 4500
008 - FIXED-LENGTH DATA ELEMENTS--GENERAL INFORMATION
fixed length control field 150201s2007 xx 000 0 und d
082 ## - DEWEY DECIMAL CLASSIFICATION NUMBER
Classification number 612
Item number L07M
100 ## - MAIN ENTRY--PERSONAL NAME
Personal name MARYA,RK
245 ## - TITLE STATEMENT
Title LEARNING PHYSIOLOGY THROUGH N STYLE MCQ'S
260 ## - PUBLICATION, DISTRIBUTION, ETC. (IMPRINT)
Name of publisher, distributor, etc. CBS
Place of publication, distribution, etc. DELHI
Date of publication, distribution, etc. 2007
650 ## - SUBJECT ADDED ENTRY--TOPICAL TERM
Topical term or geographic name as entry element HUMAN PHYSIOLOGY
942 ## - ADDED ENTRY ELEMENTS (KOHA)
Source of classification or shelving scheme Dewey Decimal Classification
Koha item type Books
Koha issues (borrowed), all copies 2
Holdings
Withdrawn status Lost status Source of classification or shelving scheme Damaged status Not for loan Collection code Home library Current library Shelving location Date acquired Source of acquisition Cost, normal purchase price SGTU Bill Number Total Checkouts Full call number Barcode Date last seen Date last checked out Bill Date Koha item type
    Dewey Decimal Classification     MEDICAL SGT Medical Library SGT Medical Library Text Book 27/02/2010 U.B.S. DELHI 100.00 SGTU 1008 2 612 L07M FM3571 27/06/2025 12/06/2025 27/02/2010 Books
    Dewey Decimal Classification     MEDICAL SGT Medical Library SGT Medical Library Text Book 27/02/2010 U.B.S. DELHI 100.00 SGTU 1008   612 L07M FM3572 09/02/2015   27/02/2010 Books
    Dewey Decimal Classification     MEDICAL SGT Medical Library SGT Medical Library Text Book 27/02/2010 U.B.S. DELHI 100.00 SGTU 1008 1 612 L07M FM3573 13/04/2022 30/03/2022 27/02/2010 Books
    Dewey Decimal Classification     MEDICAL SGT Medical Library SGT Medical Library Text Book 27/02/2010 U.B.S. DELHI 100.00 SGTU 1008 1 612 L07M FM3574 16/08/2018 03/08/2018 27/02/2010 Books
    Dewey Decimal Classification     MEDICAL SGT Medical Library SGT Medical Library Text Book 27/02/2010 U.B.S. DELHI 100.00 SGTU 1008   612 L07M FM3575 09/02/2015   27/02/2010 Books